| 000 | 00696nam a2200241 a 4500 | ||
|---|---|---|---|
| 008 | |||
| 020 | _a1901888568 (pbk.) | ||
| 049 | _aMAIN | ||
| 090 |
_aLC1039.8 _bREE |
||
| 100 | 1 | _aIan, Reece. | |
| 245 | 1 | 0 |
_aTeaching training and learning : _ba practical guide / _cIan Reece and Stephen Walker. |
| 260 |
_aSunderland : _bBusiness education Publishers, _c2007 |
||
| 300 | _a6th ed. | ||
| 300 |
_axii, 468 p. : _bill. ; _c24cm. |
||
| 650 | _aEducation. | ||
| 650 | _aTeaching. | ||
| 700 | _aWalker, Stephen. | ||
| 907 |
_a.b10366957 _b02-12-15 _c02-12-15 |
||
| 003 | |||
| 005 | 20230123122200.0 | ||
| 040 | _cNUST | ||
| 942 |
_cBOOKS _kLC1039.8 _mREE |
||
| 999 |
_c129247 _d129247 |
||